History Quiz

Random History or Country Quiz

Second Balkan War Countries Quiz Stats

 Plays Quiz not verified by Sporcle

Score 0/6 Timer 07:00
0 Plays Today
Allegiance Nation % Correct
Enemies of BulgariaSerbia
98.8%
Enemies of BulgariaMontenegro
94.2%
Enemies of BulgariaGreece
94.2%
Enemies of BulgariaRomania
91.9%
Bulgaria and AlliesBulgaria
85.5%
Enemies of BulgariaOttoman Empire
84.3%

You're not logged in!

Compare scores with friends on all Sporcle quizzes.
OR
Log In

Sporcle TV

Today on Sporcle TV


Watch our educational content, quiz creation guides, and fun videos on Sporcle TV.

Show Comments

Extras

Top Quizzes Today


Score Distribution

Your Account Isn't Verified!

In order to create a playlist on Sporcle, you need to verify the email address you used during registration. Go to your Sporcle Settings to finish the process.

Report this User

Report this user for behavior that violates our Community Guidelines.

Details: